Nežádoucí sňatek : příběh Diona a Faye /

Temně vášnivá romance o dohodnutém manželství s miliardářem je třetím pikantním románem ze série Rod Windsorů. Každá kniha ze série vypráví příběh jiného sourozence, každou knihu je proto možné číst samostatně.

Uloženo v:
Série:Rod Winsdorů, část 3
Hlavní autor: Maura, Catharina (Autor)
Další autoři: Hegedüsová, Romana (Autor)
Médium: Kniha
Jazyk:Czech
Vydáno: [Praha] : Bourdon, 2026
Edice:Bourdon spice
Témata:
Celkem bylo vypůjčeno:1x
Příbuzné jednotky:Z cyklu:: Rod Winsdorů
Tagy:
Žádné tagy
LEADER 02548nam a2200445 i 4500
001 106263
003 CZ PrSKC
005 20260506082533.0
007 ta
008 260430s2026 xr g 000 f cze
015 |a cnb003743380 
020 |a 9788076113763  |q (brožováno) 
040 |a ABG001  |b cze  |e rda 
041 1 |a cze  |h eng 
072 7 |a 821.111-3  |x Anglická próza, anglicky psaná  |2 Konspekt  |9 25 
080 |a 821.111-31  |2 MRF 
080 |a (0:82-312.5)  |2 MRF 
100 1 |a Maura, Catharina  |7 xx0332340  |4 aut  |9 116358 
240 1 0 |a Unwanted marriage.  |l Česky 
245 1 0 |a Nežádoucí sňatek :  |b příběh Diona a Faye /  |c Catharina Maura ; z anglického originálu The unwanted marriage přeložila Romana Hegedüsová 
246 3 0 |a Příběh Diona a Faye 
264 1 |a [Praha] :  |b Bourdon,  |c 2026 
300 |a 395 stran ;  |c 20 cm 
336 |a text  |b txt  |2 rdacontent 
337 |a bez média  |b n  |2 rdamedia 
338 |a svazek  |b nc  |2 rdacarrier 
490 1 |a Bourdon spice 
520 2 |a Temně vášnivá romance o dohodnutém manželství s miliardářem je třetím pikantním románem ze série Rod Windsorů. Každá kniha ze série vypráví příběh jiného sourozence, každou knihu je proto možné číst samostatně.  |b Faye je žena, která Diona Windsora irituje byť jen svou vlastní přítomností - natož aby se s ní chtěl oženit. A přesto této okouzlující pianistce, se kterou byl zasnouben už od dětství, nemůže uniknout. Dion dával celé roky najevo svůj nezájem, všechny jeho pokusy si Faye od těla však přicházejí vniveč v okamžiku, kdy ji pouhé měsíce před dlouho naplánovanou svatbou spatří s jiným mužem. Stačí mu jeden pohled, aby si uvědomil, že už nemůže dál utíkat. Čas vypršel a ať se jí to líbí, nebo ne, je jeho. Nebo by mohla být... kdyby ji neměla moc zničit tajemství, která Dion skrývá. Nakladatelská anotace. Kráceno. 
655 7 |a anglicky psané romány  |7 fd131805  |2 czenas  |9 53412 
655 7 |a milostné romány  |7 fd132840  |2 czenas  |9 53718 
655 9 |a fiction in English  |2 eczenas 
655 9 |a love novels  |2 eczenas 
700 1 |a Hegedüsová, Romana  |7 osa2014833331  |4 trl  |9 109645 
710 2 |a Bourdon (nakladatelství)  |7 xx0221004  |4 pbl  |9 117204 
787 0 8 |i Z cyklu:  |t Rod Winsdorů  |g 3 
830 0 |a Bourdon spice 
910 |a UOG502 
942 |2 ddc  |c KN 
999 |d 106263 
993 |0 0  |1 421180106987  |2 ddc  |4 0  |7 0  |9 99626  |b 0  |c 106987  |d 2026-05-06  |e 1  |f DOSP  |h 399.00  |i Koupě  |l DOSP  |q 2026-06-23  |r 2026-05-12  |s 2026-05-12  |t 6  |w 2026-05-06  |y KN  |z BELET  |n